Central Library OPAC University of Rajshahi

রক্তাক্ত রক্ত / (Record no. 86473)

MARC details
000 -LEADER
fixed length control field 00732nam a2200229 a 4500
001 - CONTROL NUMBER
control field 86473
003 - CONTROL NUMBER IDENTIFIER
rucl marc code BD-RjUL
005 - DATE AND TIME OF LATEST TRANSACTION
control field 20260513154959.0
008 - FIXED-LENGTH DATA ELEMENTS--GENERAL INFORMATION
fixed length control field 260513s bg ||||| |||| 00| 0 ben d
020 ## - INTERNATIONAL STANDARD BOOK NUMBER
International Standard Book Number 9789843702449
035 ## - SYSTEM CONTROL NUMBER
System control number (BD-RjUL)86473
040 ## - CATALOGING SOURCE
Original cataloging agency BD-RjUL
Language of cataloging eng
Transcribing agency BD-RjUL
041 ## - LANGUAGE CODE
Language code of text/sound track or separate title ben
082 ## - DEWEY DECIMAL CLASSIFICATION NUMBER
Edition number 23
Classification number 891.441
Author mark and year NOR 2025
100 ## - MAIN ENTRY--PERSONAL NAME
Relator code নূর, মো. আব্দুন
245 ## - TITLE STATEMENT
Title রক্তাক্ত রক্ত /
Statement of responsibility, etc. মো. আব্দুন নূর
260 ## - PUBLICATION, DISTRIBUTION, ETC. (IMPRINT)
Place of publication, distribution, etc. রাজশাহী :
Name of publisher, distributor, etc. সমীক্ষণ,
Date of publication, distribution, etc. ২০২৫
300 ## - PHYSICAL DESCRIPTION
Pagination ৮০ পৃ. ;
Size ২২ সেমি.
650 ## - SUBJECT ADDED ENTRY--TOPICAL TERM
Topical term or geographic name as entry element বাংলা কবিতা
9 (RLIN) 18372
Topical term or geographic name as entry element Bengali poetry
9 (RLIN) 18373
942 ## - ADDED ENTRY ELEMENTS (KOHA)
Source of classification or shelving scheme Dewey Decimal Classification
Koha item type Books
Holdings
Lost status Source of classification or shelving scheme Damaged status Not for loan Collection code Permanent Location Current Location Shelving location Date acquired Source of acquisition Total Checkouts Full call number Date last seen Copy number Koha item type
  Dewey Decimal Classification   Not For Loan Non-fiction Central Library, University of Rajshahi Central Library, University of Rajshahi Reading Room 16/04/2026 Author   B 891.441 NOR 2025 13/05/2026 C-1 Books